00233nam a22001097a 4500020001800000040000900018082001600027100002000043245001900063260002200082650001900104 a9781405282123 cNUST a823-CHbFIN aPankhurst, Kate aBig Red Baloon aUK:bDean,c2012. aBig Red Baloon